| 000 | 00570nam a2200193 a 4500 | ||
|---|---|---|---|
| 001 | 000291307 | ||
| 003 | AM-YeHGA | ||
| 005 | 20250618071907.0 | ||
| 008 | 031208s1898 aj 000 | arm d | ||
| 040 | _aAM-YeHGA | ||
| 041 | 0 | _aarm | |
| 100 | 1 |
_aՇիրվանզադե, Ալեքսանդր Մինասի, _d1858-1935 _91334 |
|
| 245 | 1 | 0 |
_aՔաօս : _bՎէպ / _cՇիրվանզադէ. |
| 260 |
_aԲագու : _bտպ. Արօր, _c1898. |
||
| 300 |
_a444 էջ ; _c21 սմ. |
||
| 650 | 1 | 4 |
_aՀայ գրականություն _xՎեպ |
| 942 |
_2udc _cBK |
||
| 090 | _c107897 | ||
| 999 |
_c106571 _d106571 |
||